UITU Library & LRC     

Language Education and Culture (Record no. 6319)

MARC details
000 -LEADER
fixed length control field 00462nam a2200181Ia 4500
008 - FIXED-LENGTH DATA ELEMENTS--GENERAL INFORMATION
fixed length control field 240925s9999 xx 000 0 und d
020 ## - INTERNATIONAL STANDARD BOOK NUMBER
International Standard Book Number 195794362
082 ## - DEWEY DECIMAL CLASSIFICATION NUMBER
Classification number 370.78 RAH
100 ## - MAIN ENTRY--PERSONAL NAME
Personal name Rahman, Tariq
245 #0 - TITLE STATEMENT
Title Language Education and Culture
250 ## - EDITION STATEMENT
Edition statement NA
260 ## - PUBLICATION, DISTRIBUTION, ETC.
Place of publication, distribution, etc. Karachi:
Name of publisher, distributor, etc. Oxford University Press
Date of publication, distribution, etc. ,1999.
300 ## - PHYSICAL DESCRIPTION
Extent 19p.
Other physical details NA
Type of unit Original
500 ## - GENERAL NOTE
General note Includes Index
600 ## - SUBJECT ADDED ENTRY--PERSONAL NAME
Personal name Social Sciences
650 ## - SUBJECT ADDED ENTRY--TOPICAL TERM
Topical term or geographic name entry element Social Sciences
942 ## - ADDED ENTRY ELEMENTS (KOHA)
Koha item type Books
Holdings
Withdrawn status Lost status Damaged status Not for loan Collection Home library Current library Date acquired Source of acquisition Cost, normal purchase price Total checkouts Full call number Barcode Date last seen Price effective from Koha item type
        Social Sciences UITU Library UITU Library 03/21/2001 Royal Book Company 276.00   370.78 RAH Q3820 09/25/2024 09/25/2024 Books

Powered by Koha